| 000 | 00560nam a22001817a 4500 | ||
|---|---|---|---|
| 005 | 20240528145748.0 | ||
| 010 | _aENG-140526 | ||
| 020 | _c2500.00 | ||
| 035 | _aEN-124058 | ||
| 082 |
_a916.7571 _21 |
||
| 100 |
_aKAGAME, PAUL _967006 |
||
| 245 |
_aRWANDA _bA remarkable turnaround of a nation/ _cBy PAUL KAGAME _hEnglish |
||
| 260 |
_aKampala, Uganda _bIndependent Publications Ltd. |
||
| 270 |
_aIndependent Publications Ltd. _bKampala, Uganda _e3304 |
||
| 300 |
_a238p _c30 cm(hbk) |
||
| 700 | _962624 | ||
| 942 |
_2ddc _cEN _h916.7571 _mKAG |
||
| 999 |
_c203332 _d203332 |
||